Responses for show #2971 - Monday, June 30, 1997

Kim Worth game 2.

Contestants

James Oldham, an electronics engineer originally from Jonesboro, Arkansas

Natalia Mayer, a library selection specialist from Toronto, Ontario, Canada

Kim Worth, a waiter and writer from Venice, California (whose 1-day cash winnings total $18,800)

Jeopardy! Round responses

SCIENCE & NATURE
INTERNATIONAL CUISINE
CELEBRITY BIRTHDAYS
PORTRAITS ON SAVINGS BONDS
LAS VEGAS
BRAVE WORDS
    $100 1
Hubble Space Telescope

James
    $100 8
Eggs

James
    $100 2
April 1

Kim
    $100 26
$1,000

James
    $100 4
a roller coaster

Kim
    $100 11
"Star-Spangled Banner"

Natalia
    $200 3
Dew point

James
    $200 10
Eel

Natalia
    $200 9
Harry Belafonte

Kim
    $200 27
(K: Who is Grant?)

George Washington

Kim
Triple Stumper
    $200 21
Monte Carlo

Kim
    $200 12
Aesop

Kim
    $300 5
Bark

Kim
    $300 16
Spain

Kim
    $300 18
Victor Borge

James
    $300 28
$500

Natalia
    $300 23
MGM Grand

Kim
    $300 13
(K: Who is Roo?)

Piglet

KimNatalia
    $400 6
Walrus

Kim
    $400 17
Greece

James
    $400 19
Kristi Yamaguchi

James
    $400 29
Paul Revere

Natalia
    $400 24
Wayne Newton

Kim
    $400 14
(K: Who is William Lloyd Garrison?)

John Brown

KimJames
    $500 7
Tulip

Kim
    $1,000 22
Pesto

Kim
    $500 20
"Buffalo Bob" Smith

Triple Stumper
    $500 30
James Madison

James
    $500 25
(Alex: I wonder why we have stayed away from "Portraits on Savings Bonds?" We're going to find out!)

The Mirage

James
    $500 15
Ernest Hemingway

Natalia

Scores at the first commercial break (after clue 15):

Kim Natalia James
$1,100 $1,100 $800

Scores at the end of the Jeopardy! Round:

Kim Natalia James
$3,100 $1,800 $3,000

Double Jeopardy! Round responses

ANCIENT HISTORY
CANADIAN CAVALCADE
COMMUNICATION
MOVIE DEBUTS
FLAGS
SHAKESPEARE THE MAN
(Alex: Well, by coincidence, Natalia, you're from Canada and we have a Canadian category up there; it's a potpourri of Canada category; you want to start there or somewhere else?)
    $200 8
Corn

James
    $200 1
(J: What is a goose?)

Owl

NataliaJames
    $200 19
Catcher

Kim
    $200 16
(K: Who is Robin Williams?)

Jonathan Winters

KimJames
    $200 26
Japan

Kim
    $200 6
Sonnets

Natalia
    $400 9
Elephants

Kim
    $400 2
NAFTA (North American Free Trade Agreement)

Kim
    $400 20
Satellites

Kim
    $400 17
Sally Kellerman

Kim
    $400 27
The Philippines

Natalia
    $400 7
Avon & Thames

Kim
    $600 10
Trojan War

Kim
    $1,000 3
(Alex: You picked the right one....see that, you've increased your knowledge of Canada already!)

Ontario

Kim
    $600 21
Propaganda

James
    $600 18
Dyan Cannon

Triple Stumper
    $600 28
Peter the Great

Kim
    $600 13
Anne Hathaway

Natalia
    $800 11
Pharisees

James
    $800 4
Maclean's

Natalia
    $800 23
Lip reading

James
    $800 22
"Harper Valley P.T.A."

Kim
    $1,000 29
Southern Cross

Kim
    $800 14
Coat of arms

Kim
    $1000 12
City-state

Natalia
    $1000 5
Governor-General

Natalia
    $1000 25
Body language

Natalia
    $1000 24
James Caan

James
    $1000 30
(K: What is....India?)
(Alex: You ran a couple through your brain there & you settled on India - You'll be glad you did because that's the right response!)

India

Kim
    $1000 15
Epitaph

Natalia

Scores at the end of the Double Jeopardy! Round:

Kim Natalia James
$11,100 $8,000 $6,400

[wagering suggestions for these scores]

Final Jeopardy! Round responses

AUTHORS
JamesWho was Edgar Allen Poe
$6,400
NataliaWho was Poe?
$7,998
KimWho is E.A. Poe?
$5,000
Edgar Allan Poe

Final scores:

Kim Natalia James
$16,100 $15,998 $12,800
2-day champion: $34,900 2nd place: Trip to Roseland Ranch, Stanfordville, New York 3rd place: Swintec SF 1205 Single-line Fax Machine

Game dynamics:

Coryat scores:

Kim Natalia James
$10,000 $8,000 $6,400
26 R
(including 3 DDs),
4 W
15 R,
0 W
16 R,
1 W

Combined Coryat: $24,400

The J! Archive is created by fans, for fans. The Jeopardy! game show and all elements thereof, including but not limited to copyright and trademark thereto, are the property of Jeopardy Productions, Inc. and are protected under law. This website is not affiliated with, sponsored by, or operated by Jeopardy Productions, Inc. Join the discussion at JBoard.tv.